Eurovision songs 2022 - Statistics

General Stats
  • This quiz has been taken 159 times
  • The average score is 31 of 40
Answer Stats
Countrie Answer % Correct
UK Space Man
93%
Israel I.M
90%
Estonia Hope
89%
Spain SloMo
89%
Germany Rockstars
88%
Armenia Snap
88%
Ukraine Stefania
88%
Switzerland Boys Do Cry
87%
Italy Brividi
87%
Greece Die Together
84%
Sweden Hold Me Closer
84%
Australia Not The Same
84%
Norway Give That Wolf A Banana
83%
North Macadonia Circles
82%
Portugal Saudade, saudade
81%
Latvia Eat your salad
80%
Austria Halo
79%
Croatia Guilty Pleasure
78%
Malta I Am What I Am
78%
Romania Llamame
77%
Poland River
77%
Albania Sekret
77%
Cyprus Ela
76%
Serbia In corpore sano
76%
Ireland Thats Rich
76%
Montenegro Breathe
75%
Azerbaijan Fade To Black
75%
Netherlands De Diepte
73%
Slovenia Disko
73%
Finland Jezebel
73%
Czech republic Lights off
73%
Belgium Miss You
73%
Lithuania Sentimentai
73%
San Marino Stripper
72%
Denmark The Show
72%
France Fulenn
71%
Georgia Lock Me In
69%
Bulgaria Intention
59%
Moldova Trenuleţul
51%
Iceland Með Hækkandi Sól
43%
No matching quizzes found
Score Distribution
Percent of People with Each Score
Percentile by Number Answered
Your Score History
You have not taken this quiz